| 000 | 00450nam a22001697a 4500 | ||
|---|---|---|---|
| 999 |
_c524696 _d524696 |
||
| 003 | NUST | ||
| 038 | _awaseem | ||
| 082 |
_a891.4911 _bSAM |
||
| 100 |
_aSamar, Abdul Kareem _915488 |
||
| 245 |
_aSachi Sarkar / _cAbdul Kareem Samar |
||
| 260 |
_aLahore : _bTufail Art Printers, _c1991. |
||
| 300 | _a197 p. ; | ||
| 500 | _aHardcover. | ||
| 880 |
_6100-01\r _aعبدالکریم ثمر |
||
| 880 |
_6245-02\r _aسچی سرکار / |
||
| 942 |
_2ddc _cBK |
||